Normal view
MARC view
- Wilson, Lorraine McCarty,author.
Entry Personal Name
001 - CONTROL NUMBER
- control field: 23870
003 - CONTROL NUMBER IDENTIFIER
- control field: OSt
005 - DATE AND TIME OF LATEST TRANSACTION
- control field: 20171201200248.0
008 - FIXED-LENGTH DATA ELEMENTS
- fixed length control field: 171201|| aca||aabn | a|a d
040 ## - CATALOGING SOURCE
- Original cataloging agency: OSt
100 ## - HEADING--PERSONAL NAME
- Personal name: Wilson, Lorraine McCarty,author.
